KATSEYE Discography (January 2026 - No Remixes) - Statistics

General Stats
  • This quiz has been taken 108 times
    43 since last reset
  • The average score is 12 of 14
Answer Stats
Hint SIS: Soft Is Strong % Correct
SIS: Soft Is Strong Debut
100%
SIS: Soft Is Strong Touch
100%
SIS: Soft Is Strong I'm Pretty
97%
SIS: Soft Is Strong My Way
97%
BEAUTIFUL CHAOS Gnarly
94%
BEAUTIFUL CHAOS Gabriela
92%
Internet Girl - Digital Single Internet Girl
89%
BEAUTIFUL CHAOS M.I.A.
89%
SIS: Soft Is Strong Tonight I Might
89%
Flame - Single Flame
86%
BEAUTIFUL CHAOS Gameboy
81%
BEAUTIFUL CHAOS Mean Girls
78%
KATSEYE x Monster High Fright Song
56%
'Good Boy' Original SoundTrack (OST) Time Lapse
50%
No matching quizzes found
Score Distribution
Percent of People with Each Score
Percentile by Number Answered
Your Score History
You have not taken this quiz since the last reset